000
00291nam a22001337a 4500
008
181102b xxu||||| |||| 00| 0 eng d
020
_a
9781576103487
041
_a
eng
080
_a
004
100
_a
28
101
_a
SHK
245
_a
Windows 2000 Registry
_c
Wallace, N
942
_2
udc
_c
BK
999
_c
51658
_d
51658